Normal view
MARC view
Entry Personal Name
001 - CONTROL NUMBER
- control field: 250311
003 - CONTROL NUMBER IDENTIFIER
- control field: OSt
005 - DATE AND TIME OF LATEST TRANSACTION
- control field: 20260106114302.0
008 - FIXED-LENGTH DATA ELEMENTS
- fixed length control field: 260106|| aca||aabn | a|a d
040 ## - CATALOGING SOURCE
- Original cataloging agency: OSt
- Transcribing agency: OSt
100 ## - HEADING--PERSONAL NAME
- Personal name: Prasad B K and others
670 ## - SOURCE DATA FOUND
- Source citation: Work cat.: (OSt)221697: Prasad B K and others, Objective biotechnology, 2016